000 00292nam a2200133Ia 4500
100 _aKhanna/O.P
942 _cBK
654 _aIndustrial Engg
245 _aIndustrial Engg. & Management
260 _bDhanpat Rai & Sons
_aDelhi
_c1986
082 _a658
300 _a784
546 _aENGLISH
999 _c22203
_d22203